000 00639nam a2200181 a 4500
001 000036257
005 20200930075631.0
008 120111s1978 mx ab 000 0 spa d
040 _aDO-SdBNP
_bspa
_cBNPHU
082 _axxx
_bG654h
100 1 _aGoodrich, L. Carrington
_962359
245 1 0 _aHistoria del pueblo chino :
_bdesde los orígenes hasta 1967 /
_cL. Carrington Goodrich.
250 _a2a ed.
260 _aMéxico :
_bFondo de Cultura Económica,
_c1978.
300 _a336 p. :
_bil., mapas ;
_c17 cm.
490 1 _aBrevarios del Fondo de Cultura Económica
_v30
830 0 _aBrevarios del Fondo de Cultura Económica ;
_v30
_962360
999 _c35748
_d35748